| 000 | 00933cam a22002895a 4500 | ||
|---|---|---|---|
| 001 | 15646489 | ||
| 005 | 20150928133832.0 | ||
| 008 | 090304s2010 njua frb 001 0 eng | ||
| 010 | _a 2009008845 | ||
| 020 | _a9780470142509 (pbk.) | ||
| 040 |
_aDLC _cDLC _beng _dEG-ScBUE |
||
| 082 | 0 | 4 |
_a333.794 _bHOD _222 |
| 100 | 1 |
_aHodge, B. K. _911943 |
|
| 245 | 1 | 0 |
_aAlternative Energy Systems and Applications / _cB.K. Hodge. |
| 260 |
_aHoboken : _bJohnWiley& Sons, _cc. 2010. |
||
| 263 | _a0903 | ||
| 300 |
_axiii,418 p.: _bill.; _c22 cm. |
||
| 500 | _aIndex : p. 413-418. | ||
| 504 | _aIncludes bibliographical references . | ||
| 650 | 0 |
_aRenewable energy sources. _911944 _2BUEsh |
|
| 650 | 0 |
_aPower resources. _911945 _2BUEsh |
|
| 650 | 0 |
_aElectric power systems. _911946 _2BUEsh |
|
| 651 | _2BUEsh | ||
| 653 |
_bENGARC _cAugust2015 |
||
| 942 |
_2ddc _k333.794 HOD _cNB |
||
| 999 |
_c13519 _d13519 |
||